000
00280nam a2200097Ia 4500
082
_a
968.065092 GILD
245
0
_a
Songs and secrets
100
_a
Gilder, Barry, , 1950- Auckland Park, South Africa, 2012
_9
42146
942
_c
BK
008
210817s9999 xx 000 0 und d
999
_c
198478
_d
198477